MARC

LEADER 00000nam0a2200000 4500
001 168678
005 20231031163157.0
020 |a RU  |b 85-32238 
035 |a (RuTPU)RU\TPU\book\182996 
090 |a 168678 
100 |a 20091030d1985 m y0rusy5003 ca 
101 0 |a rus 
102 |a RU 
105 |a y z 000ay 
200 1 |a Слово о граде Кириллове  |f А. Г. Варюхичев 
210 |a Архангельск  |c Сев.-Зап. кн. изд-во  |d 1985 
215 |a 221 с.  |c ил., 8 л. ил.  |d 17 см 
610 1 |a Кириллов, г. - История 
610 1 |a История - Кириллов, г. 
675 |a 9(С12)  |z rus 
700 1 |a Варюхичев  |b А. Г.  |g Альберт Григорьевич  |4 070 
801 0 |a RU  |b RuMRKP  |c 19950704  |g psbo 
801 1 |a RU  |b 63413507  |c 20091030 
801 2 |a RU  |b 63413507  |c 20091030  |g RCR 
942 |c BK